00552 2200205 4500001002100000005001500021035002000036245007600056100001800132250000600150300003100156700001800187260003800205082001200243084001800255020002200273600001700295990001700312990001700329INLIS00000000000164420231121045141 a0010-11230000321 aMengenal Olahraga Bulu Tangkis /cPuput Catur A ; Editor, Wulandari N.B0 aPuput Catur A a- a66 hlm. :bilus. ;c25 cm.0 aWulandari N.B aSidoarjo :bMedia Prestasi,c2021 a796.346 a796.346 PUP m a978-602-5787-35-5 4aBulu Tangkis a05198/P/2023 a05199/P/2023